000 00767nam a2200241Ia 4500
003 OSt
005 20220923222005.0
006 a|||||r|||| 00| 0
007 ta
008 220922b |||||||| |||| 00| 0 hin d
024 _a201,540
037 _cTextual
040 _aARTS
_cARTS
_bhin
041 _2hin
_ahin
082 _aV2,1y7I83, 152L4
100 _aनवल पुरी, युगगीत, अनु.
_9165437
245 0 _aबाबर नामा
246 _aBābar nāmā
260 _aनई दिल्ली
_b साहित्य अकादेमी
_c1974
300 _a521पृ.
_ccm.
942 _hV2,1y7I83, 152L4
_cTEXL
_2CC
999 _c353193
_d353193